| 000 | 00683nam a22002057a 4500 | ||
|---|---|---|---|
| 003 | 0 | ||
| 005 | 20250423155618.0 | ||
| 008 | 250423b xxu||||| |||| 00| 0 eng d | ||
| 020 | _a978-971-9655-93-0 | ||
| 050 |
_aHD 62.15 _b.P37 2024 |
||
| 100 | _aPasahol, Jhon Ven Saint L. | ||
| 245 |
_aPrinciples of total quality management _cJhon Ven Saint L. Pasahol |
||
| 260 |
_aIntramuros, Manila _bMindshapers, Co. Inc. _cC2024 |
||
| 300 |
_avii, 174 pages ; _c25cm. |
||
| 504 | _aIncludes bibliographical references. | ||
| 650 | _aTotal quality management. | ||
| 650 | _aIndustrial management—Quality control. | ||
| 650 | _aOrganizational effectiveness. | ||
| 942 |
_2lcc _cBK |
||
| 999 |
_c367400 _d367400 |
||